Just one look / (Record no. 1884)

MARC details
000 -LEADER
fixed length control field 03124cjm a2200709 i 4500
001 - CONTROL NUMBER
control field data
005 - DATE AND TIME OF LATEST TRANSACTION
control field 20260322212123.0
007 - PHYSICAL DESCRIPTION FIXED FIELD--GENERAL INFORMATION
fixed length control field data
008 - FIXED-LENGTH DATA ELEMENTS--GENERAL INFORMATION
fixed length control field data
035 ## - SYSTEM CONTROL NUMBER
System control number 19700535
010 ## - LIBRARY OF CONGRESS CONTROL NUMBER
LC control number 2017624379
024 1# - OTHER STANDARD IDENTIFIER
Standard number or code 081227952372
028 02 - PUBLISHER OR DISTRIBUTOR NUMBER
Publisher or distributor number R2 551257
Source Rhino Entertainment Company
035 ## - SYSTEM CONTROL NUMBER
System control number (OCoLC)913346801
040 ## - CATALOGING SOURCE
Original cataloging agency BTCTA
Language of cataloging eng
Description conventions rda
Transcribing agency BTCTA
Modifying agency DLC
-- APL
-- CNEDM
-- OCLCO
-- VP@
-- GL7
-- OCLCF
-- PFLCL
-- DLC
042 ## - AUTHENTICATION CODE
Authentication code lccopycat
047 ## - FORM OF MUSICAL COMPOSITION CODE
Form of musical composition code rc
-- pp
-- rc
050 00 - LIBRARY OF CONGRESS CALL NUMBER
Classification number SDC 85195
245 00 - TITLE STATEMENT
Title Just one look /
Statement of responsibility, etc. Linda Ronstadt.
246 38 - VARYING FORM OF TITLE
Title proper/short title Classic Linda Ronstadt :
Remainder of title just one look
246 1# - VARYING FORM OF TITLE
Display text Pre-publication subtitle:
Title proper/short title Very best of Linda Ronstadt.
264 #1 - PRODUCTION, PUBLICATION, DISTRIBUTION, MANUFACTURE, AND COPYRIGHT NOTICE
Place of production, publication, distribution, manufacture Burbank, CA :
Name of producer, publisher, distributor, manufacturer Rhino Entertainment Company,
Date of production, publication, distribution, manufacture, or copyright notice [2015]
264 #4 - PRODUCTION, PUBLICATION, DISTRIBUTION, MANUFACTURE, AND COPYRIGHT NOTICE
Date of production, publication, distribution, manufacture, or copyright notice ℗2015
300 ## - PHYSICAL DESCRIPTION
Extent 2 audio discs ;
Dimensions 4 3/4 in.
336 ## - CONTENT TYPE
Content type term performed music
Content type code prm
Source rdacontent
337 ## - MEDIA TYPE
Media type term audio
Media type code s
Source rdamedia
338 ## - CARRIER TYPE
Carrier type term audio disc
Carrier type code sd
Source rdacarrier
340 ## - PHYSICAL MEDIUM
Dimensions 4 3/4 in.
344 ## - SOUND CHARACTERISTICS
Type of recording digital
Recording medium optical
Playing speed 1.4 m/s
Source rda
347 ## - DIGITAL FILE CHARACTERISTICS
File type audio file
Encoding format CD audio
Source rda
500 ## - GENERAL NOTE
General note Title from disc labels.
500 ## - GENERAL NOTE
General note All selections previously released, 1967-1993.
500 ## - GENERAL NOTE
General note 2015 remastered versions.
500 ## - GENERAL NOTE
General note Full credits on container insert.
505 00 - FORMATTED CONTENTS NOTE
Miscellaneous information disc 1.
Title I never will marry --
Statement of responsibility (the Stone Poneys) --
Title Love has no pride --
-- Desperado --
-- Willing --
-- I can't help it (if I'm still in love with you) --
-- You're no good --
-- Tracks of my tears --
-- Heat wave --
-- Someone to lay down beside me --
-- Crazy --
-- Blue bayou --
-- Poor poor pitiful me --
-- It's so easy --
-- Tumbling dice --
-- I never will marry --
505 00 - FORMATTED CONTENTS NOTE
Miscellaneous information disc 2.
Title Anyone who had a heart.
-- How do I make you --
-- Hurt so bad --
-- I can't let go --
-- Get closer --
-- I knew you when --
-- Sometimes you just can't win --
-- Lies --
-- Tell him --
-- When something is wrong with my baby
Statement of responsibility (featuring Aaron Neville) --
Title Don't know much
Statement of responsibility (featuring Aaron Neville) --
Title Winter light --
-- A river for him --
-- Heartbeats accelerating --
-- Anyone who had a heart.
511 0# - PARTICIPANT OR PERFORMER NOTE
Participant or performer note Performed by Linda Ronstadt ; with accompanying ensembles and musicians.
650 #0 - SUBJECT ADDED ENTRY--TOPICAL TERM
Topical term or geographic name entry element Popular music.
650 #0 - SUBJECT ADDED ENTRY--TOPICAL TERM
Topical term or geographic name entry element Country music.
650 #0 - SUBJECT ADDED ENTRY--TOPICAL TERM
Topical term or geographic name entry element Rock music.
650 #7 - SUBJECT ADDED ENTRY--TOPICAL TERM
Topical term or geographic name entry element Country music.
Source of heading or term fast
Authority record control number or standard number (OCoLC)fst00881424
650 #7 - SUBJECT ADDED ENTRY--TOPICAL TERM
Topical term or geographic name entry element Popular music.
Source of heading or term fast
Authority record control number or standard number (OCoLC)fst01071422
650 #7 - SUBJECT ADDED ENTRY--TOPICAL TERM
Topical term or geographic name entry element Rock music.
Source of heading or term fast
Authority record control number or standard number (OCoLC)fst01099204
650 #4 - SUBJECT ADDED ENTRY--TOPICAL TERM
Topical term or geographic name entry element Country music.
650 #4 - SUBJECT ADDED ENTRY--TOPICAL TERM
Topical term or geographic name entry element Popular music.
650 #4 - SUBJECT ADDED ENTRY--TOPICAL TERM
Topical term or geographic name entry element Rock music.
655 #7 - INDEX TERM--GENRE/FORM
Genre/form data or focus term Country music.
Source of term lcgft
655 #7 - INDEX TERM--GENRE/FORM
Genre/form data or focus term Popular music.
Source of term lcgft
655 #7 - INDEX TERM--GENRE/FORM
Genre/form data or focus term Rock music.
Source of term lcgft
655 #7 - INDEX TERM--GENRE/FORM
Genre/form data or focus term Country music.
Source of term fast
Authority record control number or standard number (OCoLC)fst01726574
655 #7 - INDEX TERM--GENRE/FORM
Genre/form data or focus term Popular music.
Source of term fast
Authority record control number or standard number (OCoLC)fst01726706
655 #7 - INDEX TERM--GENRE/FORM
Genre/form data or focus term Rock music.
Source of term fast
Authority record control number or standard number (OCoLC)fst01726724
655 #4 - INDEX TERM--GENRE/FORM
Genre/form data or focus term Country music.
655 #4 - INDEX TERM--GENRE/FORM
Genre/form data or focus term Popular music.
655 #4 - INDEX TERM--GENRE/FORM
Genre/form data or focus term Rock music.
700 1# - ADDED ENTRY--PERSONAL NAME
Personal name Ronstadt, Linda,
Relator term performer.
700 1# - ADDED ENTRY--PERSONAL NAME
Personal name Neville, Aaron,
Dates associated with a name 1941-
Relator term performer.
710 2# - ADDED ENTRY--CORPORATE NAME
Corporate name or jurisdiction name as entry element Stone Poneys (Musical group),
Relator term performer.
906 ## - LOCAL DATA ELEMENT F, LDF (RLIN)
a 7
b cbc
c copycat
d 2
e ncip
f 20
g y-soundrec
925 0# -
-- acquire
-- 2 shelf copies
-- policy default
Holdings
Withdrawn status Lost status Damaged status Not for loan Home library Current library Shelving location Date acquired Total checkouts Full call number Barcode Date last seen Price effective from Koha item type
        Troy Troy General stacks 22/03/2026   SDC 85195 LOC-TPL-00016 22/03/2026 22/03/2026 Books